<?xml version="1.0" encoding="UTF-8"?>
<marc:record xmlns:marc="http://www.loc.gov/MARC21/slim">
   <marc:leader>00000nam a2200000 a 4500</marc:leader>
   <marc:datafield ind1="1" ind2=" " tag="100">
      <marc:subfield code="a">Puértolas, Romain</marc:subfield>
      <marc:subfield code="4">aut</marc:subfield>
      <marc:subfield code="e">Verfasser/-in</marc:subfield>
   </marc:datafield>
   <marc:datafield ind1="1" ind2=" " tag="100">
      <marc:subfield code="a">Schmidt-Henkel, Hinrich</marc:subfield>
      <marc:subfield code="4">trl</marc:subfield>
      <marc:subfield code="e">Übersetzer/-in</marc:subfield>
   </marc:datafield>
   <marc:datafield ind1=" " ind2=" " tag="653">
      <marc:subfield code="a">Erzählende Literatur: Gegenwartsliteratur ab 1945</marc:subfield>
   </marc:datafield>
   <marc:datafield ind1="0" ind2="0" tag="245">
      <marc:subfield code="a">Die unglaubliche Reise des Fakirs, der in einem Ikea-Schrank feststeckte</marc:subfield>
   </marc:datafield>
   <marc:datafield ind1="0" ind2="0" tag="245">
      <marc:subfield code="b">Roman</marc:subfield>
   </marc:datafield>
   <marc:datafield ind1="0" ind2="0" tag="245">
      <marc:subfield code="c">Romain Puértolas. Hinrich Schmidt-Henkel</marc:subfield>
   </marc:datafield>
   <marc:datafield ind1=" " ind2="1" tag="264">
      <marc:subfield code="a">Frankfurt am Main</marc:subfield>
      <marc:subfield code="b">S. Fischer</marc:subfield>
      <marc:subfield code="c">2014</marc:subfield>
   </marc:datafield>
   <marc:datafield ind1=" " ind2=" " tag="250">
      <marc:subfield code="a">1. Aufl.</marc:subfield>
   </marc:datafield>
   <marc:datafield ind1="1" ind2=" " tag="520">
      <marc:subfield code="a">Der internationale Nr.1-Bestseller! Ein irrsinniger Lesetrip  einmal um die halbe Welt und zurück: Die Geschichte eines Fakirs, der in einem Ikea-Schrank auf eine wundersame Reise gerät. Ayarajmushee Dikku Pradash, charmanter Hochstapler in Turban und Seide sowie Träger eines Schnurrbarts beträchtlicher Größe, fliegt eines Tages aus Indien nach Paris. Er ist von Beruf Fakir und möchte sich bei Ikea ein brandneues Nagelbett zulegen: Modell Likstupiksta, schwedische Kiefer, 15 000 Nägel, Farbe: Puma-rot. Kaum am Flughafen angekommen, handelt sich Ayarajmushee Ärger mit einem Taxifahrer ein, verliebt sich im Ikea-Bistro in die schöne Französin Marie, nistet sich über Nacht im Möbellager ein und versteckt sich in einem Ikea-Schrank. Prompt gerät er in diesem Schrank auf eine irrwitzige Reise, die ihn über England, Barcelona, Rom und Tripolis zurück nach Paris führt... (Verlagstext)</marc:subfield>
   </marc:datafield>
   <marc:datafield ind1=" " ind2=" " tag="020">
      <marc:subfield code="a">9783100003959</marc:subfield>
      <marc:subfield code="9">9783100003959</marc:subfield>
   </marc:datafield>
   <marc:datafield ind1=" " ind2=" " tag="041">
      <marc:subfield code="a">ger</marc:subfield>
   </marc:datafield>
   <marc:datafield ind1="1" ind2=" " tag="521">
      <marc:subfield code="a">0</marc:subfield>
   </marc:datafield>
   <marc:datafield ind1=" " ind2=" " tag="300">
      <marc:subfield code="a">304 S.</marc:subfield>
   </marc:datafield>
</marc:record>
